[Event "Tilburg"]
[Site "Tilburg"]
[Date "1983.??.??"]
[Round "?"]
[White "Vaganian, Rafael A"]
[Black "Spassky, Boris V"]
[Result "1-0"]
[WhiteElo "2620"]
[BlackElo "2605"]

1.Nf3 Nf6 2.c4 g6 3.g3 Bg7 4.Bg2 O-O 5.d4 d6 6.O-O c5 7.Nc3 Nc6 8.d5 Na5
9.Nd2 e5 10.e4 Ng4 11.h3 Nh6 12.b3 f5 13.exf5 gxf5 14.Bb2 Bd7 15.Qc2 b6 16.Ne2 Qc7
17.f4 Rae8 18.Rae1 Nb7 19.Nc1 Bc8 20.Bc3 exf4 21.gxf4 Bxc3 22.Qxc3 Qg7 23.Qxg7+ Kxg7
24.Bf3 Ng8 25.Ne2 Ne7 26.Kf2 Ng6 27.Rg1 Kf6 28.Nf1 Bd7 29.Nfg3 Rg8 30.Nh5+ Kf7
31.Neg3 Rxe1 32.Rxe1 Nd8 33.Nf1 Nh4 34.Ne3 Nxf3 35.Kxf3 Rg6 36.Rh1 Kf8 37.Ng3 Rf6
38.a3 Nf7 39.b4 Nh8 40.b5 Ng6 41.a4 Ne7 42.a5 bxa5 43.Ra1 Nc8 44.Rxa5 Ke7
45.Ra2 Ke8 46.Rg2 Kf7 47.Rg1 Rg6 48.Ra1 Kf6 49.Nef1 Rg8 50.Nd2 Ke7 51.Kf2 Kd8
52.Nf3 Rg6 53.Nf1 Ke7 54.Ng5 h6 55.Nf3 Rg8 56.Ne3 Kf7 57.Nd2 Ke7 58.Re1 Kf6
59.Ra1 Ke7 60.Nb3 Kd8 61.Re1 Kc7 62.Nd2 Nb6 63.Ndf1 Bc8 64.Ra1 Kb8 65.Ng3 Rf8
66.Ne2 Re8 67.Nc3 Rg8 68.Na4 Nxa4 69.Rxa4 Kb7 70.Ra6 Rg6 71.Ng2 Kb8 72.Nh4 Rf6
73.Ra1 Rf7 74.Nf3 Rg7 75.Re1 Bd7 76.Rb1 Bc8 77.Nd2 Kc7 78.Re1 Kd8 79.Ra1 Ke8
80.Nf1 Kd8 81.Ne3 Ke8 82.h4 Kd8 83.h5 Ke8 84.Kf3 Kd8 85.Ra2 Ke8 86.b6 a6
87.b7 Rxb7 88.Rxa6 Ke7 89.Ra8 Rc7 90.Ke2 Kf7 91.Kd3 Bd7 92.Kc3 Rc8 93.Ra7 Ke8
94.Ng2 Kd8 95.Nh4 Rb8 96.Ra1 Kc7 97.Ng6 Re8 98.Ra7+ Kd8 99.Kd3 Re4 100.Nf8 Bc8
101.Ng6 Bd7 102.Ra6 Kc7 103.Nf8 Be8 104.Ne6+ Kd7 105.Ra7+ Kc8 106.Ra8+ Kd7
107.Ng7 Re1 108.Kc2 Re4 109.Kd3 Re1 110.Ra7+ Kd8 111.Nxf5 Bxh5 112.Nxd6 Re7
113.Ra8+ Kd7 114.Nf5 Be2+ 115.Kd2 Re4 116.Ra7+ Kd8 117.Nd6  1-0

[Event "Aars"]
[Site "Aars"]
[Date "1984.??.??"]
[Round "2"]
[White "Kristensen, Henrik Lunden"]
[Black "Willumsen, Henrik"]
[Result "0-1"]
[WhiteElo "2200"]
[BlackElo "2200"]

1.c4 g6 2.Nf3 Bg7 3.g3 Nf6 4.Bg2 O-O 5.d4 d6 6.O-O Nbd7 7.Nc3 e5 8.e4 c6
9.h3 Qb6 10.Re1 exd4 11.Nxd4 Re8 12.Na4 Qc7 13.Bf4 Ne5 14.b3 Bd7 15.Nc3 Rad8
16.Rc1 h6 17.Be3 Bc8 18.f4 Ned7 19.Qc2 Nc5 20.Rcd1 Ne6 21.Nxe6 Bxe6 22.c5 d5
23.e5 Nd7 24.Ne2 Bf5 25.Qd2 f6 26.g4 Be4 27.Bxe4 dxe4 28.Qd6 Qxd6 29.exd6 f5
30.gxf5 gxf5 31.b4 Kf7 32.Nd4 Bxd4 33.Bxd4 Rg8+ 34.Kf2 Rg6 35.Rg1 Rdg8 36.Rxg6 Rxg6
37.a4 h5 38.b5 h4 39.bxc6 bxc6 40.Rb1 Rg3 41.Rb7 Ke6 42.Rxa7 Rxh3 43.Ra8 Ra3
44.a5 Kd5 45.Be3 h3 46.Rd8 Nf6 47.Rh8 Ng4+ 48.Kf1 Nxe3+ 49.Ke2 Ke6 50.a6 Ng4
51.Re8+ Kd7 52.Re7+ Kd8 53.a7 Ra2+ 54.Kf1 h2 55.Rh7 Rxa7 56.Rh8+ Kd7 57.Rh7+ Ke6  0-1

[Event "Augsburg"]
[Site "Augsburg"]
[Date "1984.??.??"]
[Round "?"]
[White "Spreng, Simon"]
[Black "Lorscheid, Gerhard"]
[Result "1/2-1/2"]
[WhiteElo "2320"]
[BlackElo "2200"]

1.Nf3 Nf6 2.c4 g6 3.g3 Bg7 4.Bg2 O-O 5.O-O d6 6.Nc3 e5 7.b4 Re8 8.e4 Nc6
9.Rb1 Nd4 10.d3 Bg4 11.Be3 Qd7 12.Kh1 c6 13.Bxd4 exd4 14.Ne2 a5 15.b5 d5
16.cxd5 cxd5 17.e5 Bxf3 18.Bxf3 Rxe5 19.a4 Bf8 20.Nxd4 Rc8 21.Rc1 Bc5 22.Nb3 Bb4
23.d4 Rxc1 24.Nxc1 Re8 25.Nd3 Bd6  1/2-1/2

[Event "URS-ch sf"]
[Site "Barnaul"]
[Date "1984.??.??"]
[Round "?"]
[White "Shaboian, V."]
[Black "Dzuban, Oleg I"]
[Result "0-1"]
[WhiteElo "2200"]
[BlackElo "2415"]

1.Nf3 Nf6 2.c4 g6 3.g3 Bg7 4.Bg2 O-O 5.O-O d6 6.d4 Nbd7 7.Nc3 e5 8.e4 c6
9.Be3 a6 10.h3 exd4 11.Nxd4 Re8 12.Qc2 Qa5 13.Rad1 Qb4 14.a3 Qa5 15.Nb3 Qc7
16.c5 Nxc5 17.Nxc5 dxc5 18.Bxc5 Be6 19.f4 Nd7 20.Bf2 Rad8 21.Ne2 Nf8 22.b4 b5
23.Nc1 Bc4 24.Rfe1 Ne6 25.Nb3 g5 26.fxg5 Be5 27.Kh2 Bxb3 28.Qxb3 Nxg5 29.h4 Ne6
30.Qf3 Kh8 31.Bh3 Nd4 32.Bxd4 Rxd4 33.Rxd4 Bxd4 34.Rd1 Qe5 35.Qxf7 Rg8 36.Rd3 Qxe4
37.Be6 Rd8 38.Bf5 Qe2+ 39.Kh3 Qf1+ 40.Kg4 Rg8+ 41.Kh5 Bg7  0-1

[Event "BCF-ch"]
[Site "Brighton"]
[Date "1984.??.??"]
[Round "2"]
[White "McNab, Colin Anderson"]
[Black "Thipsay, Praveen Mahadeo"]
[Result "1-0"]
[WhiteElo "2370"]
[BlackElo "2445"]

1.c4 Nf6 2.Nf3 g6 3.g3 Bg7 4.Bg2 O-O 5.O-O d6 6.d4 Nbd7 7.Qc2 e5 8.Rd1 Re8
9.Nc3 c6 10.e4 exd4 11.Nxd4 Qe7 12.b3 Nc5 13.f3 a5 14.Kh1 Nfd7 15.Rb1 f5
16.Bf4 fxe4 17.Nxe4 Nxe4 18.Qxe4 Qxe4 19.fxe4 Ne5 20.h3 a4 21.Nf3 axb3 22.axb3 Bxh3
23.Bxh3 Nxf3 24.Bg2 Nd4 25.Bxd6 Ra2 26.Rd3 Ne2 27.Re1 Be5 28.c5 Rc2 29.Bf1 Nxg3+
30.Rxg3 Bxg3 31.Bxg3 Rxc5 32.Bc4+ Kg7 33.e5 Ra5 34.e6 b5 35.Bf1 Ra3 36.Bg2 Kf6
37.Be5+ Kxe6 38.Bb2+ Kd7 39.Rd1+ Kc7 40.Bxa3 Re3 41.Bd6+  1-0

[Event "Midwest Masters-B"]
[Site "Chicago"]
[Date "1984.??.??"]
[Round "1"]
[White "Miller, Todd Q"]
[Black "Lief, Adam"]
[Result "1-0"]
[WhiteElo "2290"]
[BlackElo "2160"]

1.c4 Nf6 2.g3 g6 3.Bg2 Bg7 4.Nf3 O-O 5.O-O c5 6.d4 cxd4 7.Nxd4 Nc6 8.Nc2 d6
9.Nc3 Bd7 10.e4 a6 11.Qe2 Rb8 12.Rd1 Re8 13.c5 Qc7 14.Bf4 e5 15.cxd6 Qb6
16.Be3 Qxb2 17.Qd3 Nd4 18.Nxd4 exd4 19.Bxd4 Ng4 20.Rab1 Qa3 21.Bxg7 Kxg7
22.Qd4+ f6 23.Bh3 Ne5 24.Kg2 Bxh3+ 25.Kxh3 Qa5 26.Rb3 Qd8 27.Kg2 h5 28.Na4 Nd7
29.Nc5 Nxc5 30.Qxc5 Rxe4 31.Qd5 Re8 32.Rc3 Kh6 33.Rc7 b5 34.Qf7 Rf8 35.Qg7+ Kg5
36.Rd5+ f5 37.f4+  1-0

[Event "DDR-ch 33th"]
[Site "Eilenburg"]
[Date "1984.??.??"]
[Round "10"]
[White "Vogt, Lothar"]
[Black "Rossmann, Helmut"]
[Result "1/2-1/2"]
[WhiteElo "2485"]
[BlackElo "2355"]

1.Nf3 Nf6 2.c4 g6 3.g3 Bg7 4.Bg2 O-O 5.Nc3 d6 6.d4 Nc6 7.O-O e5 8.d5 Ne7
9.c5 Ne8 10.cxd6 cxd6 11.e4 h6 12.Nh4 Bd7 13.Bd2 b5 14.a3 g5 15.Nf3 f5 16.exf5 Nxf5
17.Ne4 Nf6 18.Nxf6+ Bxf6 19.Bc3 Qe8 20.Nd2 Bd8 21.Ne4 Qg6 22.Qd2 Bb6 23.Rac1 Nd4
24.Bxd4 Bxd4 25.Kh1 Bb6 26.Qb4 Rac8 27.Rxc8 Rxc8 28.Qxd6 Qxd6 29.Nxd6 Rc2
30.Ne4 Kg7 31.b4 Bf5 32.d6 Bxe4 33.Bxe4 Rd2 34.Bc6 Rxd6 35.Bxb5 Rd2 36.f3 Ra2
37.Rd1  1/2-1/2

[Event "Hastings8485"]
[Site "Hastings"]
[Date "1984.??.??"]
[Round "7"]
[White "Djuric, Stefan"]
[Black "Watson, William N"]
[Result "1-0"]
[WhiteElo "2490"]
[BlackElo "2450"]

1.Nf3 Nf6 2.c4 g6 3.g3 Bg7 4.Bg2 O-O 5.O-O d6 6.d4 Nc6 7.Nc3 a6 8.d5 Na5
9.Nd2 c5 10.Qc2 Rb8 11.b3 b5 12.Bb2 Bh6 13.Ncb1 e5 14.cxb5 axb5 15.a3 Bd7
16.b4 cxb4 17.axb4 Rc8 18.Bc3 Nc4 19.Nxc4 Rxc4 20.Nd2 Rc7 21.Ra3 Qb8 22.Nb3 Bf5
23.Qb2 Be4 24.Bxe4 Nxe4 25.Na5 Qb6 26.Nc6 Nf6 27.Bd2 Bxd2 28.Qxd2 Nxd5 29.Nxe5 dxe5
30.Qxd5 Rc4 31.Rb1 Qc6 32.Qxc6 Rxc6 33.Rd3 Rb8 34.Rd5 f6 35.Rd7 Rcb6 36.Rc1 R6b7
37.Rc8+ Rxc8 38.Rxb7 Rc2 39.Kf1 Rc1+ 40.Kg2 Rc2 41.e3 Rb2 42.Rxb5 Kf7 43.g4 g5
44.Rb7+ Kg6 45.Rb8 h5 46.h3 hxg4 47.hxg4 Kg7 48.Kf3 Kg6 49.b5 Kg7 50.b6 Rb4
51.e4 Kh7 52.Ke3 Rb2 53.f3 Rb3+ 54.Kd2 Rxf3 55.Rc8 Rb3 56.Rc7+ Kg6 57.b7 f5
58.exf5+ Kf6 59.Kc2 Rb6 60.Rh7 Rb5 61.Kd3 Rb1 62.Kc4 e4 63.Kc5 e3 64.Rh6+ Kf7
65.Rb6 Rxb6 66.Kxb6 e2 67.b8=Q e1=Q 68.Qc7+ Kf8 69.Qc5+ Kf7 70.Qd4 Qe2 71.Kc5 Qe1
72.Qd7+ Kf6 73.Qd6+ Kf7 74.Qg6+ Ke7 75.Qxg5+ Kd7 76.Qg7+ Kc8 77.Qg8+ Kb7
78.Qb3+ Kc7 79.Qb6+ Kd7 80.Qd6+ Ke8 81.Qe6+  1-0

[Event "ISR-ch"]
[Site "?"]
[Date "1984.??.??"]
[Round "?"]
[White "Bruk, Ofer"]
[Black "Avni, Amatzia"]
[Result "1/2-1/2"]
[WhiteElo "2325"]
[BlackElo "2225"]

1.Nf3 Nf6 2.c4 g6 3.g3 Bg7 4.Bg2 O-O 5.O-O d6 6.d4 c6 7.Nc3 Bg4 8.h3 Bxf3
9.Bxf3 Nbd7 10.b3 e5 11.e3  1/2-1/2

[Event "ISR-ch"]
[Site "?"]
[Date "1984.??.??"]
[Round "?"]
[White "Bruk, Ofer"]
[Black "Gutman, Lev"]
[Result "1/2-1/2"]
[WhiteElo "2325"]
[BlackElo "2480"]

1.Nf3 Nf6 2.c4 g6 3.g3 Bg7 4.Bg2 O-O 5.O-O d5 6.cxd5 Nxd5 7.Nc3 Nxc3 8.dxc3 Qe8
9.Re1 Qb5 10.Nd4 Qb6 11.Nb3 c6 12.e4 Nd7 13.Bg5 Re8 14.Qc2 Ne5 15.Be3 Qa5
16.Nd4 Qa6 17.f4 Ng4 18.e5 Nxe3 19.Rxe3 c5 20.Nb3 Qb6 21.Rd1 Be6 22.c4 Rad8
23.Rxd8 Rxd8 24.Rd3 Rc8 25.Nd2 Bf5 26.Be4 Bxe4 27.Nxe4 f6 28.exf6 exf6 29.f5 Re8
30.Rd6 Qb4 31.Qe2 Kf8 32.Re6 Rxe6 33.fxe6 f5 34.Nd6 Bf6 35.Nc8 Be7 36.Qe5 Ke8
37.a3 Qd2 38.Qh8+ Bf8 39.e7 Qe1+  1/2-1/2

[Event "BKL-Turnier"]
[Site "Leipzig"]
[Date "1984.??.??"]
[Round "9"]
[White "Moehring, Guenther"]
[Black "Casper, Thomas"]
[Result "1/2-1/2"]
[WhiteElo "2395"]
[BlackElo "2430"]

1.Nf3 Nf6 2.c4 g6 3.g3 Bg7 4.Bg2 O-O 5.O-O d6 6.d4 Nbd7 7.Nc3 e5 8.e4 c6
9.h3 a6 10.Qc2 b5 11.Rd1 Qe7 12.c5 dxc5 13.dxe5 Ne8 14.Bf4 Nxe5 15.Bxe5 Bxe5
16.Nxe5 Qxe5 17.f4 Qh5 18.e5 Rb8 19.Qf2 Bxh3 20.Bxc6 Bg4 21.Rd2 Rc8 22.Bb7 Rb8
23.Bg2 Rc8 24.Nd5 Kg7 25.Rc1 c4 26.Qb6 Bf3 27.Qxa6 Bxg2 28.Kxg2 Rd8 29.Qb6 Rd7
30.Qd4 Kg8 31.Qc5 Kg7 32.Qd4 Kg8 33.Qc5 Kg7 34.Rcd1 Qf5 35.Nc3 Rxd2+ 36.Rxd2 h5
37.Qe3 Nc7 38.Ne4 Ne6 39.Nd6 Qg4 40.Qf3 Qxf3+ 41.Kxf3 Ra8 42.Nxb5 Rxa2 43.Ke3 Ra1
44.Nd6 Rc1 45.Ne4 Re1+ 46.Kf3 Rf1+ 47.Kg2 Rc1 48.Kf3 Rf1+ 49.Rf2 Rc1  1/2-1/2

[Event "London P&D Knights"]
[Site "London"]
[Date "1984.??.??"]
[Round "13"]
[White "McNab, Colin Anderson"]
[Black "Britton, Richard"]
[Result "1-0"]
[WhiteElo "2375"]
[BlackElo "2310"]

1.c4 Nf6 2.Nf3 g6 3.g3 Bg7 4.Bg2 O-O 5.O-O Nc6 6.d4 d6 7.d5 Na5 8.Nbd2 c5
9.e4 b5 10.cxb5 Rb8 11.Re1 Rxb5 12.Bf1 Rb6 13.a3 Bd7 14.Rb1 Qb8 15.Nc4 Nxc4
16.Bxc4 Ng4 17.b3 f5 18.h3 Ne5 19.Nxe5 Bxe5 20.exf5 Bxf5 21.Rxe5 dxe5 22.Bb2 Rd6
23.Rc1 Bxh3 24.Qe1 Rf5 25.Bxe5 Qf8 26.Rc3 Rf3 27.Re3 Qf5 28.Bc3 Rxe3 29.Qxe3 Kf7
30.Qh6 Ke8 31.Qxh7 Kd7 32.Qh8 Rf6 33.Bb5+ Kc7 34.Bxf6 exf6 35.Qa8 Qc2 36.Qc6+  1-0

[Event "London P&D Knights"]
[Site "London"]
[Date "1984.??.??"]
[Round "14"]
[White "Arkell, Keith C"]
[Black "Britton, Richard"]
[Result "1-0"]
[WhiteElo "2295"]
[BlackElo "2310"]

1.g3 Nf6 2.Bg2 g6 3.Nf3 Bg7 4.c4 O-O 5.Nc3 d6 6.d4 Nbd7 7.O-O e5 8.Qc2 c6
9.Rd1 Re8 10.dxe5 dxe5 11.Ng5 Qc7 12.Nge4 Bf8 13.c5 Bxc5 14.Nxc5 Nxc5 15.Bg5 Nfd7
16.Qd2 Ne6 17.Bh6 Nf6 18.Bh3 Nd4 19.Qg5 Qe7 20.Qh4 Nh5 21.Bg5 f6 22.Bh6 Ng7
23.Bxc8 Raxc8 24.g4 Nge6 25.Qg3 Rcd8 26.e3 Nc2 27.Rac1 Nb4 28.Ne4 Nd3 29.g5 fxg5
30.Rc3 Ndf4 31.Re1 Rd1 32.Kf1 Rxe1+ 33.Kxe1 Nd5 34.Qxe5 Nef4 35.exf4 Qxe5
36.fxe5 Rxe5 37.Rc4 g4 38.Kf1 Rh5 39.Bd2 Rxh2 40.Kg1 Rh3 41.Nc5 g3 42.fxg3 Rxg3+
43.Kf2 b5 44.Rh4 g5 45.Rh6 Rg4 46.Rxc6 Nf4 47.Ne4 Rh4 48.Bc3 h6 49.Nd6 b4
50.Bd4 a5 51.Nf5 Rh2+ 52.Kf3 h5 53.Nh6+ Kf8 54.Bf6 Re2 55.Rc8+ Re8 56.Rc7 Ra8
57.Rh7 Ng6 58.Rg7 g4+ 59.Ke2 Ne7 60.Rf7+ Ke8 61.Rxe7+ Kf8 62.Rg7 Re8+ 63.Kf1  1-0

[Event "Lugano op"]
[Site "Lugano"]
[Date "1984.??.??"]
[Round "3"]
[White "Steinbacher, Matthias"]
[Black "Cvitan, Ognjen"]
[Result "0-1"]
[WhiteElo "2305"]
[BlackElo "2470"]

1.g3 g6 2.Nf3 Bg7 3.Bg2 Nf6 4.c4 O-O 5.O-O d6 6.Nc3 e5 7.d4 Nbd7 8.b3 Re8
9.e3 Nf8 10.Bb2 e4 11.Nd2 Bf5 12.f3 exf3 13.Qxf3 c6 14.e4 Bd7 15.c5 dxc5
16.e5 Ng4 17.Qxf7+ Kh8 18.Nce4 cxd4 19.Nc4 Be6 20.Qxb7 Bxc4 21.bxc4 Rb8 22.Qxa7 Rxb2
23.Nd6 Nxe5 24.Nxe8 Qxe8 25.Rae1 d3 26.Qc7 Re2 27.Rb1 d2 28.Rb8 Nf3+ 29.Kh1 d1=Q
30.Rxd1 Re1+ 31.Bf1 Qe2  0-1

[Event "Bayern-ch"]
[Site "Marktredwitz"]
[Date "1984.??.??"]
[Round "?"]
[White "Spreng, Simon"]
[Black "Scheipl, Ralf"]
[Result "1/2-1/2"]
[WhiteElo "2320"]
[BlackElo "2325"]

1.Nf3 Nf6 2.c4 g6 3.g3 Bg7 4.Bg2 O-O 5.O-O d6 6.Nc3 Nc6 7.Rb1 e5 8.b4 Re8
9.b5 Nd4 10.d3 Bg4 11.Nd2 Qc8 12.Re1 h5 13.Ba3 h4 14.Qc1 Bh3 15.Bh1 hxg3
16.hxg3 Bh6 17.Nd5 Nxd5 18.cxd5 Qg4 19.e3 Ne2+ 20.Rxe2 Qxe2 21.Bf3 Qxd3 22.Be4  1/2-1/2

[Event "Naleczow"]
[Site "Naleczow"]
[Date "1984.??.??"]
[Round "?"]
[White "Ksieski, Zbigniew"]
[Black "Schmidt, Wlodzimierz"]
[Result "1/2-1/2"]
[WhiteElo "2400"]
[BlackElo "2480"]

1.Nf3 Nf6 2.c4 g6 3.g3 Bg7 4.Bg2 O-O 5.O-O c5 6.d4 cxd4 7.Nxd4 d5 8.cxd5 Nxd5
9.Nb5 Be6 10.Nd4 Bc8 11.Nb3 e6 12.Nc3 Nxc3 13.bxc3 Bxc3 14.Bh6 Bg7 15.Bxg7 Kxg7
16.Qc2 Nc6 17.Rfd1 Qc7 18.Qc5 Re8 19.Rd6 e5 20.Rxc6 bxc6 21.Bxc6  1/2-1/2

[Event "Pernik"]
[Site "Pernik"]
[Date "1984.??.??"]
[Round "10"]
[White "Kirov, Nino"]
[Black "Berg, Klaus"]
[Result "1/2-1/2"]
[WhiteElo "2455"]
[BlackElo "2390"]

1.Nf3 Nf6 2.g3 g6 3.Bg2 Bg7 4.c4 O-O 5.O-O c6 6.d4 d5 7.cxd5 cxd5 8.Ne5 Nbd7
9.Nc3 e6 10.Nd3 Nb6 11.e3 Nc4 12.b3 Na5 13.Ba3 Re8 14.Ne5 Bd7 15.Qd3 Bf8
16.Bxf8 Rxf8 17.Rfc1 Rc8 18.Rc2 Nc6 19.Na4  1/2-1/2

[Event "Poznan"]
[Site "Poznan"]
[Date "1984.??.??"]
[Round "6"]
[White "Nowak, Ignacy"]
[Black "Stempin, Pawel"]
[Result "1/2-1/2"]
[WhiteElo "2395"]
[BlackElo "2415"]

1.c4 Nf6 2.g3 g6 3.Bg2 Bg7 4.Nf3 O-O 5.d4 c6 6.Nc3 d5 7.cxd5 cxd5 8.Ne5 e6
9.O-O Nfd7 10.Nf3 Nc6 11.e3 b5 12.Nxb5 Ba6 13.a4 Qb6 14.Bd2 Bxb5 15.axb5 Qxb5
16.Bc3 a5 17.Re1 Rfc8 18.Bf1 Qb6 19.Qa4 Nf6 20.Nd2 Bf8 21.Rec1 h5 22.Kg2 Rcb8
23.Be2 Bd6 24.Bf3 Nb4 25.Rd1 Qb7 26.Kg1 Rc8 27.Nb3 Rcb8 28.Nd2 Qa6 29.Nb3 Qb6
30.Nc5 Ra7 31.Rac1 Qd8 32.Nb3 Nd7 33.Nd2 f5 34.Rf1 Nf6 35.Nb3 h4 36.Nc5 Qe7
37.Rfd1 Ne4 38.Nd3 Nxd3 39.Rxd3 Kf7 40.Ra1 Qg5 41.Qc2  1/2-1/2

[Event "Poznan"]
[Site "Poznan"]
[Date "1984.??.??"]
[Round "9"]
[White "Doda, Zbigniew"]
[Black "Babula, Milan"]
[Result "0-1"]
[WhiteElo "2340"]
[BlackElo "2385"]

1.Nf3 Nf6 2.c4 g6 3.g3 Bg7 4.Bg2 O-O 5.O-O d6 6.d4 Nbd7 7.Nc3 c5 8.d5 Ng4
9.Qc2 Nge5 10.b3 a6 11.a4 Rb8 12.Bd2 Nxf3+ 13.Bxf3 b5 14.axb5 axb5 15.Nxb5 Bxa1
16.Rxa1 Ne5 17.Bg2 Bd7 18.Nc3 Qb6 19.Rb1 Ra8 20.f4 Ng4 21.h3 Nh6 22.e4 f6
23.g4 Nf7 24.e5 dxe5 25.d6 Qxd6 26.Nd5 Kg7 27.Re1 Bc6 28.g5 Rae8 29.Bc3 Kg8
30.Qb2 Bxd5 31.Bxd5 e6 32.Bg2 fxg5 33.fxe5 Qd3 34.Qd2 Rd8 35.Qxd3 Rxd3 36.Rc1 Rfd8
37.Kf2 Rd1 38.Rc2 Rb1  0-1

[Event "Smederevska Palanka"]
[Site "Smederevska Palanka"]
[Date "1984.??.??"]
[Round "?"]
[White "Kirov, Nino"]
[Black "Cabrilo, Goran"]
[Result "1/2-1/2"]
[WhiteElo "2455"]
[BlackElo "2430"]

1.Nf3 Nf6 2.g3 g6 3.Bg2 Bg7 4.c4 O-O 5.O-O d6 6.d4 c5 7.Nc3 Nc6 8.b3 Bf5
9.Bb2 Ne4 10.e3 Nxc3 11.Bxc3 Be4 12.Qd2 cxd4 13.Nxd4 Bxg2 14.Kxg2  1/2-1/2

[Event "Smederevska Palanka"]
[Site "Smederevska Palanka"]
[Date "1984.??.??"]
[Round "?"]
[White "Lechtynsky, Jiri"]
[Black "Jansa, Vlastimil"]
[Result "1/2-1/2"]
[WhiteElo "2470"]
[BlackElo "2475"]

1.c4 g6 2.g3 Bg7 3.Bg2 Nf6 4.Nf3 O-O 5.O-O d6 6.d4 c6 7.Nc3 Qa5 8.Qd2 Qh5
9.Qg5 Qxg5 10.Bxg5 h6 11.Bd2 Nbd7 12.h3 e5 13.dxe5 Nxe5 14.Nxe5 dxe5 15.Be3 Be6
16.b3  1/2-1/2

[Event "CSR-ch"]
[Site "Sumperk"]
[Date "1984.??.??"]
[Round "15"]
[White "Jurek, Josef"]
[Black "Lechtynsky, Jiri"]
[Result "0-1"]
[WhiteElo "2320"]
[BlackElo "2470"]

1.Nf3 Nf6 2.c4 g6 3.g3 Bg7 4.Bg2 O-O 5.d4 c6 6.Nc3 d6 7.O-O Qa5 8.h3 Be6
9.d5 cxd5 10.Nd4 dxc4 11.Bxb7 Na6 12.Nxe6 fxe6 13.Qa4 Qxa4 14.Nxa4 Nc7 15.Bxa8 Rxa8
16.Bd2 Ne4 17.Bc3 Nxc3 18.bxc3 Nd5 19.Rab1 Nb6 20.Rb4 d5 21.Rc1 Nxa4 22.Rxa4 a5
23.f4 Kf7 24.e4 Ke8 25.e5 Kd7 26.Rb1 Kc6 27.Kf2 g5 28.Ke3 h5 29.Ra3 h4 30.Kd4 hxg3
31.fxg5 g2 32.Rg1 Rh8 33.Rxa5 Rxh3 34.Rc5+ Kd7 35.Ra5 Rg3 36.Kc5 Bxe5 37.Ra7+ Ke8
38.a4 Rxg5 39.Rb7 Bxc3 40.a5 Bd2 41.Kc6  0-1

[Event "Thessaloniki ol (Women)"]
[Site "Thessaloniki"]
[Date "1984.??.??"]
[Round "14"]
[White "Haahr, Merete"]
[Black "Basta Sohair, F."]
[Result "1-0"]
[WhiteElo "1965"]
[BlackElo "1885"]

1.c4 Nf6 2.Nf3 g6 3.g3 Bg7 4.Bg2 O-O 5.O-O c5 6.Nc3 Nc6 7.Rb1 d6 8.d3 Rb8
9.a3 b6 10.Bd2 Bb7 11.b4 Qd7 12.Qa4 Nd4 13.Qxd7 Nxf3+ 14.Bxf3 Nxd7 15.Bxb7 Rxb7
16.Nd5 Nf6 17.Ne3 Rd8 18.Rfc1 Rbd7 19.Rc2 Ne8 20.Nd5 Nc7 21.Nxc7 Rxc7 22.b5 Rcd7
23.a4 d5 24.a5 dxc4 25.Rxc4 Bf6 26.Kg2 Kg7 27.axb6 axb6 28.Ra4 Rb7 29.Rc1 Rdd7
30.Ra6 Bd4 31.Rc4 Kf8 32.Bh6+ Ke8 33.Rca4 Rd8 34.Ra7 Rxa7 35.Rxa7 Rd7 36.Ra8+ Rd8
37.Ra6 Rb8 38.Kf3 Kd7 39.Ra7+ Ke6 40.Bf4 Rc8 41.Bc7 f6 42.Bxb6 Be5 43.Ba5 Bd6
44.Ra6 Rb8 45.b6 Kd5 46.Ra7 Kc6 47.Ke3 Kd5 48.Kd2 Kc6 49.Kc3 Kb5 50.Kb3 Rg8
51.b7 Rb8 52.e4 Kc6 53.Kc4 Rxb7 54.Rxb7 Kxb7 55.Kb5 h5 56.Bb6 g5 57.Bxc5 Kc7
58.h3 Kd7 59.d4 Bc7 60.d5 Be5 61.Kc4 Bc7 62.Kd3 Be5 63.Ke3 Bc7 64.f4 g4 65.hxg4 hxg4
66.Kd3 Bb8 67.Bd4 Bc7 68.Kc4 Ba5 69.Bc3 Bb6 70.Be1 Bc7 71.Kb5 Bb8 72.Ba5 Bd6
73.Bb4 Bc7 74.Bc5 e6 75.dxe6+ Kxe6 76.Bb4 Kf7 77.Kc6 Bd8 78.f5 Ke8 79.Bd6 Ba5
80.Kd5 Kf7 81.e5 fxe5 82.Kxe5 Bd2 83.Ke4 Bg5 84.Bf4 Be7 85.Be5 Bg5 86.Bd4 Bd2
87.Be3 Be1 88.Kf4 Kf6 89.Bd4+  1-0

[Event "Tirnavia"]
[Site "Trnava"]
[Date "1984.??.??"]
[Round "13"]
[White "Stohl, Igor"]
[Black "Sznapik, Aleksander"]
[Result "1/2-1/2"]
[WhiteElo "2405"]
[BlackElo "2460"]

1.c4 Nf6 2.Nf3 g6 3.g3 Bg7 4.Bg2 O-O 5.O-O d6 6.d4 Bg4 7.Qb3 Qc8 8.Ne5 dxe5
9.Bxb7 Qf5 10.Bxa8 exd4 11.Bf3  1/2-1/2

[Event "Yerevan"]
[Site "Yerevan"]
[Date "1984.??.??"]
[Round "?"]
[White "Szekely, Peter"]
[Black "Tseshkovsky, Vitaly"]
[Result "1/2-1/2"]
[WhiteElo "2430"]
[BlackElo "2490"]

1.Nf3 Nf6 2.c4 g6 3.g3 Bg7 4.Bg2 O-O 5.d4 d6 6.Nc3 Nc6 7.O-O a6 8.h3 Rb8
9.Bg5 h6 10.Be3 Bd7 11.Rc1 b5 12.Nd2 bxc4 13.Nxc4 a5 14.b3 Kh7 15.Kh2  1/2-1/2

[Event "Albena"]
[Site "Albena"]
[Date "1985.??.??"]
[Round "?"]
[White "Kirov, Nino"]
[Black "Lechtynsky, Jiri"]
[Result "1-0"]
[WhiteElo "2475"]
[BlackElo "2450"]

1.Nf3 Nf6 2.c4 g6 3.g3 Bg7 4.Bg2 O-O 5.Nc3 c6 6.d4 d5 7.cxd5 cxd5 8.Ne5 Nc6
9.O-O e6 10.Nxc6 bxc6 11.b3 Re8 12.Bb2 Ba6 13.Rc1 Nd7 14.Qd2 Rc8 15.Na4 Bb5
16.Nc5 e5 17.dxe5 Bxe5 18.Bf3 Nxc5 19.Rxc5 Qe7 20.Rc2 Bxb2 21.Rxb2 c5 22.Rc1 d4
23.Rbc2 Qd6 24.Qf4 Qe7 25.Qd2 Qd6 26.Qf4 Qe7 27.h4 Qe5 28.Kg2 h5 29.a4 Bd7
30.Qxe5 Rxe5 31.b4 Bxa4 32.Rxc5 Rexc5 33.bxc5 Bc6 34.Bxc6 Rxc6 35.Kf3 Kf8
36.Ke4 Ke7 37.Kxd4 Ra6 38.Rb1 Kd7 39.Rb7+ Ke6 40.e4 Ra4+ 41.Kd3 Ra2 42.f4 Ra3+
43.Kc4 Rxg3 44.c6 Rf3 45.Rxa7 Rxf4 46.Kc5 Rxh4 47.Ra8 Rh1 48.Re8+ Kf6 49.e5+ Kf5
50.c7 Rc1+ 51.Kd6 Rxc7 52.Kxc7 g5 53.Kd6 g4 54.Rh8 Kg6 55.Kd5  1-0

[Event "Ballerup"]
[Site "Ballerup"]
[Date "1985.??.??"]
[Round "1"]
[White "Erdelyi, Tamas"]
[Black "Halasz, Tamas"]
[Result "0-1"]
[WhiteElo "2265"]
[BlackElo "2350"]

1.Nf3 Nf6 2.c4 g6 3.g3 Bg7 4.Bg2 O-O 5.O-O c5 6.d4 d6 7.Nc3 Nc6 8.dxc5 dxc5
9.Bf4 Nh5 10.Be3 Nd4 11.Qc1 Be6 12.Nd2 Qc7 13.Re1 Nf5 14.Nb3 Bxc4 15.Nxc5 Rab8
16.N5e4 Nxe3 17.Qxe3 b6 18.Rac1 Qe5 19.Qf3 Rfd8 20.Red1 b5 21.Nd2 Bxa2 22.Ra1 b4
23.Nxa2 Qxb2 24.Nxb4 Qxb4 25.Rxa7 Rxd2 26.Rxd2 Qxd2 27.Rxe7 Bf6 28.Rc7 Rb1+
29.Bf1 Qd1 30.Qa8+ Bd8  0-1

[Event "Ballerup"]
[Site "Ballerup"]
[Date "1985.??.??"]
[Round "3"]
[White "Erdelyi, Tamas"]
[Black "Brinck Claussen, Bjorn"]
[Result "1/2-1/2"]
[WhiteElo "2265"]
[BlackElo "2380"]

1.Nf3 Nf6 2.c4 g6 3.g3 Bg7 4.Bg2 O-O 5.O-O d6 6.Nc3 Nc6 7.Rb1 e5 8.d3 a5
9.Bg5 h6 10.Bxf6 Bxf6 11.a3 Be6 12.b4 axb4 13.axb4 Bg7 14.b5 Ne7 15.Nd2 c6
16.Qb3 f5 17.Rfc1 h5 18.bxc6 bxc6 19.Qb6 Rb8 20.Qa7  1/2-1/2

[Event "Ballerup"]
[Site "Ballerup"]
[Date "1985.??.??"]
[Round "7"]
[White "Erdelyi, Tamas"]
[Black "Kristiansen, Jens"]
[Result "1/2-1/2"]
[WhiteElo "2265"]
[BlackElo "2455"]

1.Nf3 Nf6 2.c4 g6 3.g3 Bg7 4.Bg2 O-O 5.O-O d6 6.Nc3 e5 7.d3 Nc6 8.Rb1 a5
9.Bg5 h6 10.Bxf6 Bxf6 11.a3 Bg7 12.b4 axb4 13.axb4 Be6 14.b5 Ne7 15.Nd2 e4
16.Qc2 exd3 17.exd3 d5 18.cxd5 Nxd5 19.Nxd5 Bxd5 20.Bxd5 Qxd5 21.Qxc7 Rfc8
22.Qe7 Re8 23.Qc7 Qxd3 24.Nb3 Qf3 25.Qc2 Rac8 26.Qd1 Qf5 27.b6 Rcd8 28.Qc1 Rd3
29.Qc7 Qd5 30.Qc5 Qf3 31.Qb5 Re5 32.Qc4 Re2 33.Qc8+ Kh7 34.Qc4 Rc3 35.Nd4 Rxc4
36.Nxf3 Bf8 37.Rfc1 Rec2 38.Rxc2 Rxc2 39.Nd4 Rc4 40.Nf3 Bc5 41.Ne5 Rc2 42.Nd3 Bd6
43.Rb5 Kg7 44.Kg2 Kf6 45.Kf3 Ke6 46.h4 h5 47.Ke4 Rc4+ 48.Ke3 Kd7 49.Ne5+ Bxe5
50.Rxe5 Rb4 51.f3 Rxb6 52.Rg5 Re6+ 53.Kd4 Ra6 54.g4 Ra4+ 55.Ke3 hxg4 56.fxg4 Ke6
57.Kf3 Ra3+ 58.Kf4  1/2-1/2

[Event "Borgarnes"]
[Site "Borgarnes"]
[Date "1985.??.??"]
[Round "7"]
[White "Solmundarson, Magnus"]
[Black "Hansson, Dan"]
[Result "1-0"]
[WhiteElo "2270"]
[BlackElo "2330"]

1.Nf3 Nf6 2.c4 g6 3.g3 Bg7 4.Bg2 O-O 5.O-O c6 6.Nc3 d5 7.d4 dxc4 8.a4 a5
9.e4 Bg4 10.h3 Bxf3 11.Bxf3 Nfd7 12.e5 Nb6 13.Ne4 Na6 14.Be3 f6 15.exf6 exf6
16.Qc1 Nb4 17.Nc5 Qe7 18.Re1 Rfe8 19.Bd2 Qf7 20.Bxb4 axb4 21.a5 Rxe1+ 22.Qxe1 Nc8
23.Nxb7 Na7 24.Qxb4 Bf8 25.Qb6 Qd7 26.Kg2 h5 27.Rd1 h4 28.d5 cxd5 29.Qxf6  1-0

[Event "ARG-ch"]
[Site "Buenos Aires"]
[Date "1985.??.??"]
[Round "4"]
[White "Miana, Elias"]
[Black "Rubinetti, Jorge A"]
[Result "0-1"]
[WhiteElo "2220"]
[BlackElo "2440"]

1.Nf3 Nf6 2.c4 g6 3.g3 Bg7 4.Bg2 O-O 5.O-O d5 6.cxd5 Nxd5 7.d4 Nb6 8.Nc3 Nc6
9.e3 Re8 10.Ne2 e5 11.h3 exd4 12.Nexd4 Nxd4 13.Nxd4 c6 14.a4 a5 15.Ra3 Nd5
16.Bd2 Bxd4 17.exd4 Be6 18.Bh6 Ne7 19.g4 Bd5 20.Re3 Bxg2 21.Kxg2 Nd5 22.Rxe8+ Qxe8
23.Re1 Qd7 24.Re5 f6 25.Re4 Re8 26.f3 Kf7 27.Bd2 f5 28.Rxe8 Qxe8 29.Kf2 Qe7
30.Qc1 Qd6 31.Kg2 Qe6 32.Kf1 fxg4 33.hxg4 h5 34.Qd1 hxg4 35.fxg4 Qe4 36.Qe2 Qh1+
37.Kf2 Nf6  0-1

[Event "BUL-FRA"]
[Site "?"]
[Date "1985.??.??"]
[Round "12"]
[White "Spiridonov, Nikola"]
[Black "Kouatly, Bachar"]
[Result "0-1"]
[WhiteElo "2400"]
[BlackElo "2460"]

1.Nf3 Nf6 2.g3 g6 3.Bg2 Bg7 4.c4 O-O 5.O-O d5 6.cxd5 Nxd5 7.Nc3 Nc6 8.Nxd5 Qxd5
9.d3 a5 10.Qc2 a4 11.a3 Qb5 12.Ng5 Nd4 13.Qd1 Qb3 14.e3 Qxd1 15.Rxd1 Nb3
16.Rb1 Rd8 17.Kf1 h6 18.Ne4 Bg4 19.f3 Bd7 20.Nc3 Bxc3 21.bxc3 Bb5 22.Ke1 Bxd3
23.Rb2 Bc4 24.e4 Rxd1+ 25.Kxd1 Rd8+ 26.Bd2 Rd3 27.Ke1 Nxd2 28.Rxd2 Rxc3 29.Rd7 Be6
30.Rd8+ Kg7 31.Rb8 Rxa3 32.Rxb7 Ra1+ 33.Kf2 a3  0-1